| 000 | 00607nam a22002057a 4500 | ||
|---|---|---|---|
| 003 | OSt | ||
| 005 | 20161012193355.0 | ||
| 008 | 161012b xxu||||| |||| 00| 0 eng d | ||
| 020 | _a0415771196 | ||
| 040 | _cDDC | ||
| 082 | _a333.3 LAN 2004 | ||
| 100 |
_aEdited by Stanley L. Engerman; Jacob Metzer _911186 |
||
| 245 | _aLand Rights, Ethno-nationality, and Sovereignty in History | ||
| 260 | _aLondon; Routledge, 2004 | ||
| 300 | _axii,403p; ill: 24cm | ||
| 504 | _aNotes, references, & index included | ||
| 650 |
_aLand Ownership _911187 |
||
| 650 |
_aNational Sovereignty _911188 |
||
| 942 |
_2z _cB_BANK |
||
| 999 |
_c5344 _d5344 |
||